000 00484nam a2200157 i 4500
001 93271
003 ES-MaACL
005 20230906181148.0
007 t|
008 050408s1962 sp ||||1| spa d
100 1 _aLópez, Carlos María.
_973315
245 1 0 _aLeyre
_b: historia, arqueología, leyenda... /
_cCarlos María López.
260 _aPamplona :
_bGómez,
_c1962.
300 _a254 p., lám. I-XXXII :
_b1 mapa pleg., il. ;
_c21 cm.
852 _aES-MaACL
_jC-21629
_bR.50153
999 _c93271
_d93271